Countries and Capitals Ending in "IA" - Statistics

General Stats
  • This quiz has been taken 23 times
  • The average score is 32 of 46
Answer Stats
Country % Correct
Estonia
94%
Latvia
94%
Lithuania
94%
Australia
89%
Croatia
89%
Russia
89%
Serbia
89%
Slovakia
89%
Slovenia
89%
Albania
83%
Austria
83%
Bolivia
83%
Bulgaria
83%
Georgia
83%
Namibia
83%
Romania
83%
Algeria
78%
Armenia
78%
Indonesia
78%
Nigeria
78%
Tanzania
78%
The Gambia
78%
Zambia
78%
Colombia
72%
India
72%
Malaysia
72%
Mongolia
72%
North Macedonia
72%
Sofia
72%
Tunisia
72%
Saudi Arabia
67%
Ethiopia
61%
Liberia
61%
Mauritania
61%
Syria
61%
Cambodia
56%
F.S. Micronesia
56%
Praia
56%
Saint Lucia
50%
Somalia
50%
Apia
44%
Monrovia
39%
Brasilia
33%
Nicosia
28%
Pretoria
28%
Victoria
22%
No matching quizzes found
Score Distribution
Percent of People with Each Score
Percentile by Number Answered
Your Score History
You have not taken this quiz